| 000 | 01219cam a2200349 i 4500 | ||
|---|---|---|---|
| 001 | 26783 | ||
| 003 | Mx-PuUPA | ||
| 005 | 20250219090008.0 | ||
| 008 | 140415s1994 g 000 0 spa d | ||
| 017 | _a90.360 | ||
| 020 | _a9567083290 | ||
| 040 |
_cMx-PuUPA _aMx-PuUPA _bspa _dMx-PuUPA _erda |
||
| 041 | _aspa | ||
| 043 | _2cl----- | ||
| 100 | 1 |
_aChonchol, Jacques, _d1926- _916758 _eautor |
|
| 245 | 1 | 0 |
_aSistemas agrarios en América Latina : _bde la etapa prehispánica a la modernización conservadora / _cJacques Chonchol |
| 250 | _aPrimera edición | ||
| 260 |
_a _b _c |
||
| 264 |
_aSantiago, Chile ; _bFondo de Cultura Económica Chile; _c1994 |
||
| 300 |
_a445 páginas ; _c23 cm |
||
| 336 |
_2rdacontent _atexto _btxt |
||
| 337 |
_2rdamedia _asin medio _bn |
||
| 338 |
_2rdacarrier _avolumen _bnc |
||
| 502 | _a | ||
| 650 | 1 | 7 |
_a Agricultura _913986 _2armarc _xHistoria _zAmérica Latina |
| 650 | 1 | 7 |
_aSistemas agrícolas _2armarc _zAmérica Latina _xHistoria |
| 651 |
_aAmérica Latina _vCondiciones Económicas _xHistoria |
||
| 942 |
_2ddc _cLI _h630.98 _iC545 1994 _n |
||
| 999 |
_c26783 _d26783 |
||